00523nam a22001457a 4500008004100000040005500041080001500096245007900111260005600190300001600246490004800262650002500310653001600335700002600351230502b |||||||| |||| 00| 0 eng d aNational Science LibrarycNational Science Library a669.5 bJ9 aZinc: bThe science and technology of the metal, its alloys and compounds  aNew York: bReinhold Publishing Corporation, c1959 axii, 721p.  aAmerican chemical society monograph series  aChemical technology  aZinc oxide  aMathewson, C H (Ed.)